[Event "Villarobledo Online Qualifyer"]
[Site "playchess.com #155672"]
[Date "2009.05.23"]
[Round "6"]
[White "Sophie_Neveu"]
[Black "DHCA"]
[Result "1-0"]
[WhiteElo "2181"]
[BlackElo "1560"]
[PlyCount "93"]
[EventDate "2009.05.23"]
[EventType "swiss (blitz)"]

1. e4 {[%emt 0:00:12]} e6 {[%emt 0:00:02]} 2. d4 {[%emt 0:00:01]} d5 {[%emt 0:
00:01]} 3. Nd2 {[%emt 0:00:01]} dxe4 {[%emt 0:00:02]} 4. Nxe4 {[%emt 0:00:01]}
Nd7 {[%emt 0:00:00]} 5. Nf3 {[%emt 0:00:01]} Ngf6 {[%emt 0:00:00]} 6. Nxf6+ {
[%emt 0:00:01]} Nxf6 {[%emt 0:00:02]} 7. Ne5 {[%emt 0:00:01]} Be7 {[%emt 0:00:
01]} 8. Bb5+ {[%emt 0:00:03]} Bd7 {[%emt 0:00:03]} 9. Nxd7 {[%emt 0:00:03]}
Nxd7 {[%emt 0:00:02]} 10. Qf3 {[%emt 0:00:01]} c6 {[%emt 0:00:05]} 11. Bd3 {
[%emt 0:00:02]} Nf6 {[%emt 0:00:02]} 12. Bd2 {[%emt 0:00:06]} O-O {[%emt 0:00:
01]} 13. O-O-O {[%emt 0:00:01]} Qd5 {[%emt 0:00:01]} 14. Qxd5 {[%emt 0:00:04]}
cxd5 {[%emt 0:00:06]} 15. f3 {[%emt 0:00:07]} Rfc8 {[%emt 0:00:03]} 16. g4 {
[%emt 0:00:05]} Nd7 {[%emt 0:00:07]} 17. f4 {[%emt 0:00:02]} Nb6 {[%emt 0:00:
01]} 18. b3 {[%emt 0:00:03]} a5 {[%emt 0:00:03]} 19. a4 {[%emt 0:00:05]} Bb4 {
[%emt 0:00:16]} 20. c3 {[%emt 0:00:01]} Ba3+ {[%emt 0:00:02]} 21. Kb1 {[%emt 0:
00:01]} Nd7 {[%emt 0:00:08]} 22. Rde1 {[%emt 0:00:08]} Nf6 {[%emt 0:00:10]} 23.
g5 {[%emt 0:00:02]} Nd7 {[%emt 0:00:04]} 24. h4 {[%emt 0:00:03]} Bd6 {[%emt 0:
00:14]} 25. Rhf1 {[%emt 0:00:04]} Rab8 {[%emt 0:00:07]} 26. Kb2 {[%emt 0:00:03]
} Nf8 {[%emt 0:00:04]} 27. h5 {[%emt 0:00:03]} b6 {[%emt 0:00:06]} 28. Bb5 {
[%emt 0:00:06]} Rc7 {[%emt 0:00:08]} 29. Kc2 {[%emt 0:00:08]} Rbc8 {[%emt 0:00:
08]} 30. Kd3 {[%emt 0:00:01]} Rd8 {[%emt 0:00:09]} 31. Re2 {[%emt 0:00:03]} g6
{[%emt 0:00:14]} 32. h6 {[%emt 0:00:02]} Nd7 {[%emt 0:00:03]} 33. c4 {[%emt 0:
00:08]} dxc4+ {[%emt 0:00:02]} 34. bxc4 {[%emt 0:00:01]} Bf8 {[%emt 0:00:07]}
35. Ke4 {[%emt 0:00:04]} Nb8 {[%emt 0:00:06]} 36. Be3 {[%emt 0:00:07]} Nc6 {
[%emt 0:00:04]} 37. Rd1 {[%emt 0:00:12]} Ne7 {[%emt 0:00:06]} 38. d5 {[%emt 0:
00:04]} exd5+ {[%emt 0:00:01]} 39. cxd5 {[%emt 0:00:01]} Nf5 {[%emt 0:00:04]}
40. Bxb6 {[%emt 0:00:15]} Re7+ {[%emt 0:00:01]} 41. Kf3 {[%emt 0:00:05]} Rxe2 {
[%emt 0:00:04]} 42. Kxe2 {[%emt 0:00:01]} Rd6 {[%emt 0:00:10]} 43. Bxa5 {[%emt
0:00:04]} Ng3+ {[%emt 0:00:09]} 44. Kf3 {[%emt 0:00:01]} Nf5 {[%emt 0:00:03]}
45. Bb4 {[%emt 0:00:03]} Rd7 {[%emt 0:00:04]} 46. Bxf8 {[%emt 0:00:03]} Rc7 {
[%emt 0:00:09]} 47. Bb4 {[%emt 0:00:04] DHCA rinde} 1-0

[Event "Villarobledo Online Qualifyer"]
[Site "playchess.com #155672"]
[Date "2009.05.23"]
[Round "6"]
[White "Antlew3"]
[Black "Clocktower"]
[Result "0-1"]
[WhiteElo "1723"]
[BlackElo "2059"]
[PlyCount "78"]
[EventDate "2009.05.23"]
[EventType "swiss (blitz)"]

1. c4 {[%emt 0:00:05]} Nf6 {[%emt 0:00:02]} 2. b3 {[%emt 0:00:02]} d5 {[%emt 0:
00:08]} 3. Bb2 {[%emt 0:00:00]} d4 {[%emt 0:00:06]} 4. g3 {[%emt 0:00:01]} e5 {
[%emt 0:00:01]} 5. Bg2 {[%emt 0:00:01]} Nc6 {[%emt 0:00:07]} 6. d3 {[%emt 0:00:
01]} Bg4 {[%emt 0:00:07]} 7. h3 {[%emt 0:00:02]} Bf5 {[%emt 0:00:01]} 8. e4 {
[%emt 0:00:02]} Bb4+ {[%emt 0:00:02]} 9. Nd2 {[%emt 0:00:07]} Be6 {[%emt 0:00:
01]} 10. Ne2 {[%emt 0:00:05]} Qd7 {[%emt 0:00:07]} 11. f4 {[%emt 0:00:02]} g6 {
[%emt 0:00:07]} 12. g4 {[%emt 0:00:04]} Bxg4 {[%emt 0:00:05]} 13. hxg4 {[%emt
0:00:02]} Nxg4 {[%emt 0:00:00]} 14. Bh3 {[%emt 0:00:02]} O-O-O {[%emt 0:00:11]}
15. a3 {[%emt 0:00:12]} Be7 {[%emt 0:00:12]} 16. Nf3 {[%emt 0:00:12]} f5 {
[%emt 0:00:07]} 17. exf5 {[%emt 0:00:07]} gxf5 {[%emt 0:00:07]} 18. fxe5 {
[%emt 0:00:03]} Ncxe5 {[%emt 0:00:02]} 19. Nxe5 {[%emt 0:00:03]} Nxe5 {[%emt 0:
00:01]} 20. Nxd4 {[%emt 0:00:05]} Bh4+ {[%emt 0:00:05]} 21. Kd2 {[%emt 0:00:11]
} c5 {[%emt 0:00:19]} 22. Bxf5 {[%emt 0:00:03]} Bg5+ {[%emt 0:00:14]} 23. Kc2 {
[%emt 0:00:02]} cxd4 {[%emt 0:00:10]} 24. Bxd7+ {[%emt 0:00:02]} Rxd7 {[%emt 0:
00:01]} 25. Rh5 {[%emt 0:00:05]} h6 {[%emt 0:00:11]} 26. Qg1 {[%emt 0:00:02]}
Rf8 {[%emt 0:00:08]} 27. b4 {[%emt 0:00:05]} Nf3 {[%emt 0:00:14]} 28. Qg4 {
[%emt 0:00:09]} Ne5 {[%emt 0:00:02]} 29. Qe6 {[%emt 0:00:07]} Rf2+ {[%emt 0:00:
01]} 30. Kb3 {[%emt 0:00:02]} Nxd3 {[%emt 0:00:01]} 31. Bxd4 {[%emt 0:00:05]}
Rf3 {[%emt 0:00:10]} 32. Ka4 {[%emt 0:00:17]} Kc7 {[%emt 0:00:16]} 33. Be5+ {
[%emt 0:00:07]} Nxe5 {[%emt 0:00:11]} 34. Qxe5+ {[%emt 0:00:02]} Kc8 {[%emt 0:
00:11]} 35. c5 {[%emt 0:00:07]} Bf6 {[%emt 0:00:09]} 36. Qe8+ {[%emt 0:00:03]}
Kc7 {[%emt 0:00:01]} 37. Re1 {[%emt 0:00:10]} Bb2 {[%emt 0:00:04] Clocktower
bietet Remis} 38. Kb5 {[%emt 0:00:08]} a6+ {[%emt 0:00:01]} 39. Kc4 {[%emt 0:
00:01]} Rd4# {[%emt 0:00:00]} 0-1

[Event "Villarobledo Online Qualifyer"]
[Site "playchess.com #155672"]
[Date "2009.05.23"]
[Round "6"]
[White "Chesshero045"]
[Black "GMsKoRPioN"]
[Result "1-0"]
[WhiteElo "1956"]
[BlackElo "2539"]
[PlyCount "99"]
[EventDate "2009.05.23"]
[EventType "swiss (blitz)"]

1. e4 {[%emt 0:00:01]} d6 {[%emt 0:00:02]} 2. d4 {[%emt 0:00:01]} g6 {[%emt 0:
00:01]} 3. Nc3 {[%emt 0:00:03]} Bg7 {[%emt 0:00:00]} 4. Nf3 {[%emt 0:00:01]}
Nf6 {[%emt 0:00:01]} 5. Bd3 {[%emt 0:00:03]} O-O {[%emt 0:00:00]} 6. O-O {
[%emt 0:00:01]} Nc6 {[%emt 0:00:02]} 7. Bg5 {[%emt 0:00:05]} Bg4 {[%emt 0:00:
02]} 8. Be2 {[%emt 0:00:08]} h6 {[%emt 0:00:04]} 9. Be3 {[%emt 0:00:03]} Bxf3 {
[%emt 0:00:01]} 10. Bxf3 {[%emt 0:00:02]} e5 {[%emt 0:00:00]} 11. d5 {[%emt 0:
00:06]} Ne7 {[%emt 0:00:02]} 12. Qd2 {[%emt 0:00:09]} Kh7 {[%emt 0:00:01]} 13.
h4 {[%emt 0:00:02]} Nfg8 {[%emt 0:00:05]} 14. h5 {[%emt 0:00:05]} a6 {[%emt 0:
00:10]} 15. g3 {[%emt 0:00:07]} Qd7 {[%emt 0:00:03]} 16. Kg2 {[%emt 0:00:02]}
g5 {[%emt 0:00:01]} 17. g4 {[%emt 0:00:12]} Nf6 {[%emt 0:00:04]} 18. Qe2 {
[%emt 0:00:01]} Rfb8 {[%emt 0:00:04]} 19. Kg3 {[%emt 0:00:27]} b5 {[%emt 0:00:
03]} 20. Qd2 {[%emt 0:00:01]} b4 {[%emt 0:00:04]} 21. Ne2 {[%emt 0:00:01]} a5 {
[%emt 0:00:05]} 22. Rh1 {[%emt 0:00:16]} Nfg8 {[%emt 0:00:04]} 23. Ng1 {[%emt
0:00:14]} f6 {[%emt 0:00:08]} 24. Ne2 {[%emt 0:00:19]} Nc8 {[%emt 0:00:01]} 25.
Kg2 {[%emt 0:00:01]} Nb6 {[%emt 0:00:01]} 26. b3 {[%emt 0:00:04]} Ne7 {[%emt 0:
00:00]} 27. Ng3 {[%emt 0:00:02]} Bf8 {[%emt 0:00:00]} 28. Nf5 {[%emt 0:00:01]}
Nxf5 {[%emt 0:00:01]} 29. gxf5 {[%emt 0:00:01]} Be7 {[%emt 0:00:02]} 30. Bg4 {
[%emt 0:00:02]} Nc8 {[%emt 0:00:06]} 31. c4 {[%emt 0:00:01]} a4 {[%emt 0:00:12]
} 32. Qc2 {[%emt 0:00:03]} Ra6 {[%emt 0:00:02]} 33. Rhc1 {[%emt 0:00:05]} Rba8
{[%emt 0:00:02]} 34. Qb2 {[%emt 0:00:01]} Bd8 {[%emt 0:00:12]} 35. Bd2 {[%emt
0:00:01]} Rb8 {[%emt 0:00:07]} 36. c5 {[%emt 0:00:02]} dxc5 {[%emt 0:00:02]}
37. Rxc5 {[%emt 0:00:01]} Be7 {[%emt 0:00:00]} 38. Rc4 {[%emt 0:00:04]} Nb6 {
[%emt 0:00:05]} 39. Rc2 {[%emt 0:00:05]} Bd6 {[%emt 0:00:01]} 40. Rac1 {[%emt
0:00:02]} axb3 {[%emt 0:00:03]} 41. axb3 {[%emt 0:00:01]} Rba8 {[%emt 0:00:01]}
42. Bxb4 {[%emt 0:00:13]} Ra2 {[%emt 0:00:10]} 43. Qc3 {[%emt 0:00:01]} Rxc2 {
[%emt 0:00:40]} 44. Rxc2 {[%emt 0:00:02]} Ra7 {[%emt 0:00:05]} 45. Bxd6 {[%emt
0:00:07]} cxd6 {[%emt 0:00:17]} 46. Qc6 {[%emt 0:00:01]} Kg7 {[%emt 0:00:02]}
47. Qxb6 {[%emt 0:00:02]} Rb7 {[%emt 0:00:04]} 48. Qc6 {[%emt 0:00:02]} Qxc6 {
[%emt 0:00:07]} 49. dxc6 {[%emt 0:00:02]} Rxb3 {[%emt 0:00:00]} 50. c7 {[%emt
0:00:02] GMsKoRPioN rinde} 1-0

[Event "Villarobledo Online Qualifyer"]
[Site "playchess.com #155672"]
[Date "2009.05.23"]
[Round "6"]
[White "Daky Fighter"]
[Black "Kasimito"]
[Result "0-1"]
[WhiteElo "1658"]
[BlackElo "1887"]
[PlyCount "68"]
[EventDate "2009.05.23"]
[EventType "swiss (blitz)"]

1. e4 {[%emt 0:00:12]} c5 {[%emt 0:00:13]} 2. c3 {[%emt 0:00:04]} e6 {[%emt 0:
00:12]} 3. d4 {[%emt 0:00:04]} Nc6 {[%emt 0:00:04]} 4. d5 {[%emt 0:00:02]} Nb8
{[%emt 0:00:04]} 5. c4 {[%emt 0:00:05]} d6 {[%emt 0:00:07]} 6. f4 {[%emt 0:00:
05]} Be7 {[%emt 0:00:05]} 7. Nf3 {[%emt 0:00:01]} Nf6 {[%emt 0:00:05]} 8. Nc3 {
[%emt 0:00:03]} exd5 {[%emt 0:00:05]} 9. exd5 {[%emt 0:00:02]} Qb6 {[%emt 0:00:
05]} 10. Qb3 {[%emt 0:00:06]} Qxb3 {[%emt 0:00:05]} 11. axb3 {[%emt 0:00:01]}
Bf5 {[%emt 0:00:04]} 12. Kd1 {[%emt 0:00:18]} Na6 {[%emt 0:00:05]} 13. Nb5 {
[%emt 0:00:12]} O-O {[%emt 0:00:05]} 14. Bd2 {[%emt 0:00:10]} Bd7 {[%emt 0:00:
04]} 15. Nc3 {[%emt 0:00:16]} Nb4 {[%emt 0:00:06]} 16. Ne2 {[%emt 0:00:28]} Ne4
{[%emt 0:00:06]} 17. Be1 {[%emt 0:00:10]} Bf6 {[%emt 0:00:05]} 18. Ng3 {[%emt
0:00:38]} Nxg3 {[%emt 0:00:06]} 19. hxg3 {[%emt 0:00:02]} Bxb2 {[%emt 0:00:06]}
20. Rb1 {[%emt 0:00:01]} Bf6 {[%emt 0:00:12]} 21. Bxb4 {[%emt 0:00:05]} cxb4 {
[%emt 0:00:09]} 22. Bd3 {[%emt 0:00:02]} h6 {[%emt 0:00:05]} 23. Kd2 {[%emt 0:
00:05]} Rfe8 {[%emt 0:00:05]} 24. Rbe1 {[%emt 0:00:01]} Bc3+ {[%emt 0:00:06]}
25. Kd1 {[%emt 0:00:02]} Bxe1 {[%emt 0:00:03]} 26. Nxe1 {[%emt 0:00:01]} Re3 {
[%emt 0:00:08]} 27. Kd2 {[%emt 0:00:02]} Rxg3 {[%emt 0:00:04]} 28. Rg1 {[%emt
0:00:05]} Re8 {[%emt 0:00:05]} 29. Nf3 {[%emt 0:00:02]} g6 {[%emt 0:00:07]} 30.
Bc2 {[%emt 0:00:09]} Bg4 {[%emt 0:00:05]} 31. Bd1 {[%emt 0:00:03]} Re4 {[%emt
0:00:05]} 32. Nh4 {[%emt 0:00:11]} Rd4+ {[%emt 0:00:09]} 33. Kc2 {[%emt 0:00:
02]} Bxd1+ {[%emt 0:00:05]} 34. Rxd1 {[%emt 0:00:01]} Rc3+ {[%emt 0:00:06]
Daky Fighter resigns} 0-1

[Event "Villarobledo Online Qualifyer"]
[Site "playchess.com #155672"]
[Date "2009.05.23"]
[Round "6"]
[White "Àíòîíîâ"]
[Black "Hakem_II"]
[Result "1-0"]
[WhiteElo "1860"]
[BlackElo "1913"]
[PlyCount "55"]
[EventDate "2009.05.23"]
[EventType "swiss (blitz)"]

1. c4 {[%emt 0:00:03]} e5 {[%emt 0:00:02]} 2. Nc3 {[%emt 0:00:02]} d6 {[%emt 0:
00:01]} 3. g3 {[%emt 0:00:02]} f5 {[%emt 0:00:01]} 4. Bg2 {[%emt 0:00:01]} Be7
{[%emt 0:00:01]} 5. e3 {[%emt 0:00:01]} Nf6 {[%emt 0:00:01]} 6. Nge2 {[%emt 0:
00:01]} O-O {[%emt 0:00:01]} 7. O-O {[%emt 0:00:01]} c6 {[%emt 0:00:00]} 8. d3
{[%emt 0:00:01]} Be6 {[%emt 0:00:02]} 9. b3 {[%emt 0:00:02]} Na6 {[%emt 0:00:
01]} 10. Qd2 {[%emt 0:00:06]} Nc7 {[%emt 0:00:01]} 11. Bb2 {[%emt 0:00:01]} d5
{[%emt 0:00:05]} 12. Rad1 {[%emt 0:00:09]} e4 {[%emt 0:00:03]} 13. cxd5 {[%emt
0:00:17]} cxd5 {[%emt 0:00:02]} 14. dxe4 {[%emt 0:00:02]} fxe4 {[%emt 0:00:01]}
15. Nf4 {[%emt 0:00:08]} Bf7 {[%emt 0:00:06]} 16. h4 {[%emt 0:00:04]} Bb4 {
[%emt 0:00:09]} 17. a3 {[%emt 0:00:08]} Bxc3 {[%emt 0:00:02]} 18. Qxc3 {[%emt
0:00:26]} Qe7 {[%emt 0:00:23]} 19. Bh3 {[%emt 0:00:26]} Rad8 {[%emt 0:00:28]}
20. Rc1 {[%emt 0:00:19]} Nb5 {[%emt 0:00:06]} 21. Qa5 {[%emt 0:00:14]} a6 {
[%emt 0:00:05]} 22. a4 {[%emt 0:00:02]} Nd6 {[%emt 0:00:44]} 23. Rc7 {[%emt 0:
00:28]} Qe8 {[%emt 0:00:07]} 24. Ba3 {[%emt 0:00:01]} Qe5 {[%emt 0:00:45]} 25.
Bxd6 {[%emt 0:00:11]} Rxd6 {[%emt 0:00:12]} 26. Rxb7 {[%emt 0:00:01]} Qb2 {
[%emt 0:00:09]} 27. Qc5 {[%emt 0:00:11]} Rfd8 {[%emt 0:00:08]} 28. Qc7 {[%emt
0:00:13] . Tiempo} 1-0

[Event "Villarobledo Online Qualifyer"]
[Site "playchess.com #155672"]
[Date "2009.05.23"]
[Round "6"]
[White "Mtv star"]
[Black "Drago_infiammato"]
[Result "1-0"]
[WhiteElo "2365"]
[BlackElo "2070"]
[PlyCount "103"]
[EventDate "2009.05.23"]
[EventType "swiss (blitz)"]

1. d4 {[%emt 0:00:02]} Nf6 {[%emt 0:00:01]} 2. e3 {[%emt 0:00:04]} d5 {[%emt 0:
00:03]} 3. f4 {[%emt 0:00:00]} Bf5 {[%emt 0:00:03]} 4. Bd3 {[%emt 0:00:04]}
Bxd3 {[%emt 0:00:01]} 5. Qxd3 {[%emt 0:00:00]} e6 {[%emt 0:00:01]} 6. Nf3 {
[%emt 0:00:01]} c5 {[%emt 0:00:01]} 7. c3 {[%emt 0:00:05]} Nc6 {[%emt 0:00:02]}
8. Nbd2 {[%emt 0:00:03]} Bd6 {[%emt 0:00:10]} 9. Ne5 {[%emt 0:00:03]} Bxe5 {
[%emt 0:00:10]} 10. fxe5 {[%emt 0:00:00]} c4 {[%emt 0:00:01]} 11. Qe2 {[%emt 0:
00:02]} Nd7 {[%emt 0:00:02]} 12. O-O {[%emt 0:00:01]} Qe7 {[%emt 0:00:01]} 13.
e4 {[%emt 0:00:01]} O-O-O {[%emt 0:00:11]} 14. exd5 {[%emt 0:00:04]} exd5 {
[%emt 0:00:01]} 15. Qf3 {[%emt 0:00:00]} Nb6 {[%emt 0:00:16]} 16. Qxf7 {[%emt
0:00:02]} Rhf8 {[%emt 0:00:06]} 17. Qxe7 {[%emt 0:00:04]} Rxf1+ {[%emt 0:00:02]
} 18. Nxf1 {[%emt 0:00:00]} Nxe7 {[%emt 0:00:02]} 19. Bg5 {[%emt 0:00:08]} Kd7
{[%emt 0:00:01]} 20. Ne3 {[%emt 0:00:07]} h6 {[%emt 0:00:03]} 21. Bxe7 {[%emt
0:00:02]} Kxe7 {[%emt 0:00:01]} 22. Rf1 {[%emt 0:00:07]} Na4 {[%emt 0:00:06]}
23. Rf2 {[%emt 0:00:01]} b5 {[%emt 0:00:03]} 24. Nf5+ {[%emt 0:00:05]} Kf8 {
[%emt 0:00:04]} 25. Nd6+ {[%emt 0:00:03]} Kg8 {[%emt 0:00:01]} 26. Nxb5 {[%emt
0:00:20]} Rb8 {[%emt 0:00:01]} 27. Nxa7 {[%emt 0:00:22]} Nxb2 {[%emt 0:00:02]}
28. Nc6 {[%emt 0:00:01]} Rb6 {[%emt 0:00:03]} 29. Ne7+ {[%emt 0:00:02]} Kh7 {
[%emt 0:00:01]} 30. Nxd5 {[%emt 0:00:01]} Rb8 {[%emt 0:00:06]} 31. Nb4 {[%emt
0:00:14]} Nd1 {[%emt 0:00:04]} 32. Rf3 {[%emt 0:00:04]} Nxc3 {[%emt 0:00:11]}
33. Rxc3 {[%emt 0:00:00]} Rxb4 {[%emt 0:00:01]} 34. h3 {[%emt 0:00:02]} Kg6 {
[%emt 0:00:01]} 35. Rf3 {[%emt 0:00:04]} Ra4 {[%emt 0:00:05]} 36. e6 {[%emt 0:
00:11]} Rxa2 {[%emt 0:00:06]} 37. d5 {[%emt 0:00:01]} Re2 {[%emt 0:00:05]} 38.
Kf1 {[%emt 0:00:01]} Re5 {[%emt 0:00:02] Drago_infiammato offre la patta} 39.
Rg3+ {[%emt 0:00:24]} Kf6 {[%emt 0:00:10]} 40. Rf3+ {[%emt 0:00:01]} Kg6 {
[%emt 0:00:00]} 41. Rf8 {[%emt 0:00:03]} c3 {[%emt 0:00:11]} 42. Rc8 {[%emt 0:
00:25]} Rxd5 {[%emt 0:00:04]} 43. e7 {[%emt 0:00:02]} Rf5+ {[%emt 0:00:02]} 44.
Kg1 {[%emt 0:00:03]} Re5 {[%emt 0:00:24]} 45. e8=Q+ {[%emt 0:00:02]} Rxe8 {
[%emt 0:00:01]} 46. Rxe8 {[%emt 0:00:00]} Kf5 {[%emt 0:00:00]} 47. Rc8 {[%emt
0:00:01]} Kf4 {[%emt 0:00:00]} 48. Rxc3 {[%emt 0:00:05]} g5 {[%emt 0:00:00]}
49. Kf2 {[%emt 0:00:06]} h5 {[%emt 0:00:00]} 50. Rc4+ {[%emt 0:00:02]} Kf5 {
[%emt 0:00:04]} 51. Rc5+ {[%emt 0:00:01]} Kf4 {[%emt 0:00:01]} 52. g3+ {[%emt
0:00:10] Drago_infiammato abbandona} 1-0

[Event "Villarobledo Online Qualifyer"]
[Site "playchess.com #155672"]
[Date "2009.05.23"]
[Round "6"]
[White "Shatterhand"]
[Black "Torresh"]
[Result "1-0"]
[WhiteElo "2405"]
[BlackElo "2080"]
[PlyCount "77"]
[EventDate "2009.05.23"]
[EventType "swiss (blitz)"]

1. c4 {[%emt 0:00:01]} e5 {[%emt 0:00:01]} 2. Nc3 {[%emt 0:00:01]} Nc6 {[%emt
0:00:01]} 3. Nf3 {[%emt 0:00:01]} Nf6 {[%emt 0:00:07]} 4. a3 {[%emt 0:00:01]}
g6 {[%emt 0:00:02]} 5. d3 {[%emt 0:00:02]} Bg7 {[%emt 0:00:01]} 6. Bd2 {[%emt
0:00:15]} O-O {[%emt 0:00:01]} 7. e3 {[%emt 0:00:03]} d6 {[%emt 0:00:10]} 8.
Be2 {[%emt 0:00:01]} h6 {[%emt 0:00:10]} 9. O-O {[%emt 0:00:02]} Be6 {[%emt 0:
00:01]} 10. Qc2 {[%emt 0:00:02]} d5 {[%emt 0:00:02]} 11. cxd5 {[%emt 0:00:01]}
Nxd5 {[%emt 0:00:02]} 12. Rac1 {[%emt 0:00:04]} a5 {[%emt 0:00:03]} 13. Ne4 {
[%emt 0:00:06]} Kh7 {[%emt 0:00:10]} 14. Nc5 {[%emt 0:00:01]} Bc8 {[%emt 0:00:
02]} 15. Rfd1 {[%emt 0:00:08]} b6 {[%emt 0:00:02]} 16. Ne4 {[%emt 0:00:24]} Bb7
{[%emt 0:00:08]} 17. Nc3 {[%emt 0:00:07]} Rc8 {[%emt 0:00:23]} 18. Be1 {[%emt
0:00:06]} Nce7 {[%emt 0:00:06]} 19. Qb1 {[%emt 0:00:05]} c5 {[%emt 0:00:03]}
20. Nxd5 {[%emt 0:00:11]} Nxd5 {[%emt 0:00:04]} 21. b4 {[%emt 0:00:03]} axb4 {
[%emt 0:00:09]} 22. axb4 {[%emt 0:00:00]} cxb4 {[%emt 0:00:10]} 23. Bxb4 {
[%emt 0:00:00]} Nxb4 {[%emt 0:00:09]} 24. Qxb4 {[%emt 0:00:00]} Rxc1 {[%emt 0:
00:37]} 25. Rxc1 {[%emt 0:00:00]} Bxf3 {[%emt 0:00:06]} 26. gxf3 {[%emt 0:00:
13]} Qg5+ {[%emt 0:00:19]} 27. Kh1 {[%emt 0:00:01]} Qf6 {[%emt 0:00:15]} 28.
Qb5 {[%emt 0:00:13]} Rd8 {[%emt 0:00:06]} 29. Rc6 {[%emt 0:00:08]} Rd6 {[%emt
0:00:01]} 30. Rc8 {[%emt 0:00:01]} Rd8 {[%emt 0:00:02]} 31. Rc7 {[%emt 0:00:12]
} Bf8 {[%emt 0:00:08]} 32. Rb7 {[%emt 0:00:12]} Bc5 {[%emt 0:00:06]} 33. Qc4 {
[%emt 0:00:10]} Kg7 {[%emt 0:00:01]} 34. Bd1 {[%emt 0:00:08]} Ra8 {[%emt 0:00:
12]} 35. Kg2 {[%emt 0:00:06]} Qg5+ {[%emt 0:00:03]} 36. Qg4 {[%emt 0:00:07]}
Qxg4+ {[%emt 0:00:02]} 37. fxg4 {[%emt 0:00:00]} Ra1 {[%emt 0:00:02]} 38. Bb3 {
[%emt 0:00:01]} Rd1 {[%emt 0:00:06]} 39. Bxf7 {[%emt 0:00:04] Tiempo} 1-0

[Event "Villarobledo Online Qualifyer"]
[Site "playchess.com #155672"]
[Date "2009.05.23"]
[Round "6"]
[White "Cemcakan3"]
[Black "Direchess"]
[Result "1-0"]
[WhiteElo "2194"]
[BlackElo "2061"]
[PlyCount "105"]
[EventDate "2009.05.23"]
[EventType "swiss (blitz)"]

1. d4 {[%emt 0:00:01]} f5 {[%emt 0:00:03]} 2. g3 {[%emt 0:00:02]} Nf6 {[%emt 0:
00:01]} 3. Bg2 {[%emt 0:00:01]} g6 {[%emt 0:00:05]} 4. c4 {[%emt 0:00:00]} Bg7
{[%emt 0:00:01]} 5. b4 {[%emt 0:00:02]} O-O {[%emt 0:00:01]} 6. Nf3 {[%emt 0:
00:01]} d6 {[%emt 0:00:01]} 7. Bb2 {[%emt 0:00:01]} Qe8 {[%emt 0:00:02]} 8. d5
{[%emt 0:00:07]} Nbd7 {[%emt 0:00:08]} 9. O-O {[%emt 0:00:02]} e5 {[%emt 0:00:
05]} 10. dxe6 {[%emt 0:00:09]} Qxe6 {[%emt 0:00:02]} 11. Nbd2 {[%emt 0:00:01]}
Kh8 {[%emt 0:00:03]} 12. e3 {[%emt 0:00:05]} Re8 {[%emt 0:00:13]} 13. Qc2 {
[%emt 0:00:02]} Rb8 {[%emt 0:00:08]} 14. Nd4 {[%emt 0:00:15]} Qf7 {[%emt 0:00:
18]} 15. Nb5 {[%emt 0:00:05]} c6 {[%emt 0:00:19]} 16. Nxd6 {[%emt 0:00:07]} Qe7
{[%emt 0:00:06]} 17. Nxe8 {[%emt 0:00:04]} Qxe8 {[%emt 0:00:00]} 18. Rad1 {
[%emt 0:00:05]} Nb6 {[%emt 0:00:04]} 19. a4 {[%emt 0:00:06]} Be6 {[%emt 0:00:
04]} 20. a5 {[%emt 0:00:03]} Nc8 {[%emt 0:00:03]} 21. Nb3 {[%emt 0:00:11]} Ne7
{[%emt 0:00:07]} 22. Nc5 {[%emt 0:00:06]} Bf7 {[%emt 0:00:03]} 23. Bxf6 {[%emt
0:00:07]} Bxf6 {[%emt 0:00:04]} 24. Nd7 {[%emt 0:00:01]} Bg7 {[%emt 0:00:07]}
25. Nxb8 {[%emt 0:00:02]} Qxb8 {[%emt 0:00:00]} 26. Rd7 {[%emt 0:00:08]} Qe8 {
[%emt 0:00:03]} 27. Rfd1 {[%emt 0:00:02]} Ng8 {[%emt 0:00:07]} 28. Rd8 {[%emt
0:00:08]} Qe6 {[%emt 0:00:04]} 29. c5 {[%emt 0:00:08]} h5 {[%emt 0:00:10]} 30.
Qd3 {[%emt 0:00:03]} Kh7 {[%emt 0:00:06]} 31. Qd7 {[%emt 0:00:02]} Qb3 {[%emt
0:00:16]} 32. Qxb7 {[%emt 0:00:05]} Bd5 {[%emt 0:00:17]} 33. Rf1 {[%emt 0:00:
06]} Nf6 {[%emt 0:00:07]} 34. Bxd5 {[%emt 0:00:05]} Nxd5 {[%emt 0:00:00]} 35.
Rd7 {[%emt 0:00:10]} Qc3 {[%emt 0:00:13]} 36. Qxa7 {[%emt 0:00:13]} Kh6 {[%emt
0:00:03]} 37. Rxg7 {[%emt 0:00:02]} Qxg7 {[%emt 0:00:05]} 38. Qxg7+ {[%emt 0:
00:00]} Kxg7 {[%emt 0:00:01]} 39. a6 {[%emt 0:00:00]} Nc7 {[%emt 0:00:04]} 40.
a7 {[%emt 0:00:01]} Kf6 {[%emt 0:00:03]} 41. Rd1 {[%emt 0:00:01]} Ke7 {[%emt 0:
00:03]} 42. Rd6 {[%emt 0:00:04]} g5 {[%emt 0:00:06]} 43. Rxc6 {[%emt 0:00:01]}
Kd7 {[%emt 0:00:03]} 44. Rxc7+ {[%emt 0:00:01]} Kxc7 {[%emt 0:00:01]} 45. a8=Q
{[%emt 0:00:01]} Kd7 {[%emt 0:00:01]} 46. Qd5+ {[%emt 0:00:01]} Ke7 {[%emt 0:
00:02]} 47. c6 {[%emt 0:00:01]} f4 {[%emt 0:00:02]} 48. c7 {[%emt 0:00:01]}
fxe3 {[%emt 0:00:01]} 49. fxe3 {[%emt 0:00:01]} h4 {[%emt 0:00:04]} 50. c8=Q {
[%emt 0:00:02]} h3 {[%emt 0:00:01]} 51. Qcc6 {[%emt 0:00:06]} g4 {[%emt 0:00:
02]} 52. Qdd7+ {[%emt 0:00:02]} Kf8 {[%emt 0:00:02]} 53. Qcc8# {[%emt 0:00:01]}
1-0